|
|
|
|
| LEADER |
03757nam a2200445 a 4500 |
| 001 |
010676523 |
| 008 |
071210s2001 enka 001 0 eng d |
| 020 |
|
|
|a 0333643577 (pbk) :
|
| 040 |
|
|
|a WlAbNL
|d Uk
|d BD-DhAAL
|
| 082 |
0 |
4 |
|a 004.076
|2 21
|
| 100 |
1 |
|
|a Taylor, Graham,
|d 1949-
|
| 245 |
1 |
0 |
|a Computer studies GCSE /
|c Graham Taylor.
|
| 246 |
1 |
4 |
|a GCSE computer studies
|
| 246 |
1 |
8 |
|a Work out computer studies
|
| 250 |
|
|
|a 4th ed.
|
| 260 |
|
|
|a Basingstoke :
|b Macmillan Press,
|c 2001
|
| 300 |
|
|
|a 310 p. :
|b ill. ;
|c 30 cm.
|
| 490 |
0 |
|
|a Macmillan work out series
|
| 500 |
|
|
|a Includes index.
|
| 541 |
1 |
|
|e 00008897
|
| 650 |
|
0 |
|a Computer science
|v Problems, exercises, etc.
|
| 650 |
|
0 |
|a Computer science
|x Examinations
|v Study guides.
|
| 653 |
1 |
|
|a Computers
|
| 852 |
4 |
|
|a Ayesha Abed Library
|j General Shelf.
|
| 999 |
|
|
|c 9930
|d 9930
|
| 952 |
|
|
|0 0
|1 0
|2 ddc
|4 0
|6 004_076000000000000_TAY_2001
|7 0
|9 12849
|a BRACUL
|b BRACUL
|c GEN
|d 2010-10-30
|l 0
|o 004.076 TAY
|p 3010008897
|r 2010-10-30
|t 1
|w 2010-10-30
|y BK
|
| 952 |
|
|
|0 0
|1 0
|2 ddc
|4 0
|6 004_076000000000000_TAY
|7 0
|9 12889
|a SCL
|b SCL
|c GEN
|d 2010-10-31
|g 1165.00
|l 0
|o 004.076 TAY
|p 3010012027
|r 2010-10-31
|t 2
|w 2010-10-31
|y BK
|x Transferred from BRACUL to SCL on 08/08/22
|
| 952 |
|
|
|0 0
|1 0
|2 ddc
|4 0
|6 004_076000000000000_TAY
|7 0
|9 12890
|a SCL
|b SCL
|c GEN
|d 2010-10-31
|l 0
|o 004.076 TAY
|p 3010008903
|r 2010-10-31
|t 3
|w 2010-10-31
|y BK
|x Transferred from BRACUL to SCL on 08/08/22
|
| 952 |
|
|
|0 0
|1 0
|2 ddc
|4 0
|6 004_076000000000000_TAY
|7 0
|9 12891
|a SCL
|b SCL
|c GEN
|d 2010-10-31
|g 1165.00
|l 0
|o 004.076 TAY
|p 3010012030
|r 2010-10-31
|t 4
|w 2010-10-31
|y BK
|x Transferred from BRACUL to SCL on 08/08/22
|
| 952 |
|
|
|0 0
|1 0
|2 ddc
|4 0
|6 004_076000000000000_TAY
|7 0
|9 12892
|a SCL
|b SCL
|c GEN
|d 2010-10-31
|l 0
|o 004.076 TAY
|p 3010012262
|r 2010-10-31
|t 5
|w 2010-10-31
|y BK
|x Transferred from BRACUL to SCL on 08/08/22
|
| 952 |
|
|
|0 0
|1 0
|2 ddc
|4 0
|6 004_076000000000000_TAY
|7 0
|9 12893
|a SCL
|b SCL
|c GEN
|d 2010-10-31
|g 1165.00
|l 0
|o 004.076 TAY
|p 3010012028
|r 2010-10-31
|t 6
|w 2010-10-31
|y BK
|x Transferred from BRACUL to SCL on 08/08/22
|
| 952 |
|
|
|0 0
|1 0
|2 ddc
|4 0
|6 004_076000000000000_TAY
|7 0
|9 12894
|a BRACUL
|b BRACUL
|c GEN
|d 2010-10-31
|g 1165.00
|l 1
|o 004.076 TAY
|p 3010012032
|r 2020-02-12
|s 2020-02-06
|t 7
|w 2010-10-31
|y BK
|x £10.99
|
| 952 |
|
|
|0 0
|1 0
|2 ddc
|4 0
|6 004_076000000000000_TAY
|7 0
|9 12895
|a SCL
|b SCL
|c GEN
|d 2010-10-31
|g 1165.00
|l 0
|o 004.076 TAY
|p 3010012031
|r 2010-10-31
|t 8
|w 2010-10-31
|y BK
|x Transferred from BRACUL to SCL on 08/08/22
|
| 952 |
|
|
|0 0
|1 0
|2 ddc
|4 0
|6 004_076000000000000_TAY
|7 0
|9 12896
|a SCL
|b SCL
|c GEN
|d 2010-10-31
|g 1165.00
|l 3
|m 5
|o 004.076 TAY
|p 3010012033
|r 2016-08-07
|s 2016-08-03
|t 9
|w 2010-10-31
|y BK
|x Transferred from BRACUL to SCL on 08/08/22
|
| 952 |
|
|
|0 0
|1 0
|2 ddc
|4 0
|6 004_076000000000000_TAY_2001
|7 0
|9 12897
|a BRACUL
|b BRACUL
|c GEN
|d 2010-10-31
|l 2
|m 2
|o 004.076 TAY
|p 3010008900
|r 2014-10-15
|s 2014-10-13
|t 10
|w 2010-10-31
|y BK
|
| 952 |
|
|
|0 0
|1 0
|2 ddc
|4 0
|6 004_076000000000000_TAY
|7 0
|9 12898
|a SCL
|b SCL
|c GEN
|d 2010-10-31
|l 0
|o 004.076 TAY
|p 3010014076
|r 2010-10-31
|t 11
|w 2010-10-31
|y BK
|x Transferred from BRACUL to SCL on 08/08/22
|
| 952 |
|
|
|0 0
|1 0
|2 ddc
|4 0
|6 004_076000000000000_TAY
|7 0
|9 12899
|a SCL
|b SCL
|c GEN
|d 2010-10-31
|g 1165.00
|l 0
|o 004.076 TAY
|p 3010012029
|r 2010-10-31
|t 12
|w 2010-10-31
|y BK
|x Transferred from BRACUL to SCL on 08/08/22
|
| 952 |
|
|
|0 0
|1 0
|2 ddc
|4 0
|6 004_076000000000000_TAY
|7 0
|9 12900
|a SCL
|b SCL
|c GEN
|d 2010-10-31
|l 1
|m 8
|o 004.076 TAY
|p 3010008904
|r 2012-03-21
|s 2012-01-23
|t 13
|w 2010-10-31
|y BK
|x Transferred from BRACUL to SCL on 08/08/22
|
| 952 |
|
|
|0 0
|1 0
|2 ddc
|4 0
|6 004_076000000000000_TAY
|7 0
|9 12901
|a SCL
|b SCL
|c GEN
|d 2010-10-31
|l 0
|o 004.076 TAY
|p 3010008899
|r 2010-10-31
|t 14
|w 2010-10-31
|y BK
|x Transferred from BRACUL to SCL on 08/08/22
|
| 952 |
|
|
|0 0
|1 0
|2 ddc
|4 0
|6 004_076000000000000_TAY_2001
|7 0
|9 17529
|a BRACUL
|b BRACUL
|c GEN
|d 2011-07-19
|l 2
|m 24
|o 004.076 TAY
|p 3010008901
|r 2020-02-23
|s 2020-01-28
|t 15
|w 2011-07-19
|y BK
|